| 000 | 00677nam a22001457a 4500 | ||
|---|---|---|---|
| 999 |
_c521627 _d521627 |
||
| 008 | 230217b ||||| |||| 00| 0 eng d | ||
| 100 |
_aDoshi, Balkrishna _937343 |
||
| 245 | _aRe-structuring urban galaxies | ||
| 260 | _aYojana | ||
| 300 | _aDec, 2022: p.7-10 | ||
| 520 | _aWhen we see the map of India, we realize a unique characteristic there is a hierarchical network of dots of varied sizes with names of large metropolises, cities, and towns. They appear like ‘urban galaxies’- wither naturally developed scales between entities, interconnected and located within easy reach. – Reproduced | ||
| 773 | _aYojana | ||
| 906 | _aURBAN DEVELOPMENT | ||
| 942 | _cAR | ||